| 000 | 00355 a2200133 4500 | ||
|---|---|---|---|
| 001 | ART_51223 | ||
| 005 | 20260410161746.0 | ||
| 008 | 260409a | ||
| 245 | 1 | 0 | _aCoronavirus |
| 100 | 1 | _aCurutchet, Eduardo | |
| 700 | 1 | _aBarreiro, Diego A. | |
| 700 | 1 | _aFormaro, Juan J. | |
| 773 | 0 |
_tDoctrina laboral _g- N° 419 (jul. 2020) _wREV4049 |
|
| 999 |
_c19179 _d19179 |
||